Normal view
MARC view
Entry Personal Name
001 - CONTROL NUMBER
- control field: 1173613
003 - CONTROL NUMBER IDENTIFIER
- control field: OSt
005 - DATE AND TIME OF LATEST TRANSACTION
- control field: 20260324124309.0
008 - FIXED-LENGTH DATA ELEMENTS
- fixed length control field: 260324|| aca||aabn | a|a d
040 ## - CATALOGING SOURCE
- Original cataloging agency: OSt
- Transcribing agency: OSt
100 ## - HEADING--PERSONAL NAME
- Personal name: Sachiko Kusukawa; Andrew Cunningham
670 ## - SOURCE DATA FOUND
- Source citation: Work cat.: (OSt)1767876: Sachiko Kusukawa; Andrew Cunningham, Natural Philosophy Epitomised: Books 8-11 of Gregor Reisch's Philosophical pearl (1503)
